10 najgęściej zaludnionych państw w Europie - Statystyki

Ogólne statystyki
  • Ten quiz został rozwiązany 26 razy
  • Średni wynik to 8 z 10
Statystyki odpowiedzi
Gęstość Państwo % Poprawnych
263 Luksemburg
92%
250 Liechtenstein
88%
557 San Marino
88%
18 812 Monako
85%
2 273 Watykan
85%
385 Belgia
81%
442 Holandia
81%
236 Niemcy
77%
1 723 Malta
65%
289 Wielka Brytania
65%
Nie znaleziono quizów pasujących do podanych kryteriów
Rozkład punktacji
Procent ludzi z każdym wynikiem
Percentyl według liczby udzielonych odpowiedzi
Twoja historia wyników
Nie rozwiązałeś tego quizu